000 00670nam a2200229Ia 4500
003 OSt
005 20250726171943.0
008 210423s2000 xx 000 0 und d
020 _a8170228697
040 _cAL
041 _aEnglish
082 _a307.762
_bMATS
100 _aGeorge Mathew
_9115623
245 _aStates of panchayati raj in the states and union territorics of india 2000
260 _aNew Delhi
_bInstitute of social sciences
_c2000
365 _b1000
_cINR
440 _v2
650 _aSociology
_9115624
650 _aUrban Communities
_9115625
906 _a2000 ; india ; panchayati ; raj ; States ; territorics ; union
942 _2ddc
_cBK
999 _c173515
_d173515